header

Women organising (Record no. 46525)

MARC details
000 -LEADER
fixed length control field 01272nam a2200337Ia 4500
082 04 - DEWEY DECIMAL CLASSIFICATION NUMBER
Classification number 305.42/06/041
100 1# - MAIN ENTRY--AUTHOR NAME
Personal name Brown, Helen,
245 10 - TITLE STATEMENT
Title Women organising
260 ## - PUBLICATION, DISTRIBUTION, ETC. (IMPRINT)
Place of publication London ;
-- New York :
Name of publisher Routledge,
Year of publication 1992.
300 ## - PHYSICAL DESCRIPTION
Number of Pages vii, 211 p.
650 #0 - SUBJECT ADDED ENTRY--TOPICAL TERM
Topical Term Feminism
Topical Term Women in community organization
Topical Term Women in cooperative societies
Topical Term Organization.
856 40 - ELECTRONIC LOCATION AND ACCESS
Uniform Resource Identifier http://site.ebrary.com/lib/rucke/Doc?id=10060868

No items available.

© 2026 Rongo University
Contact us: librarian | system librarian | Rongo university